00564 2200205 4500001002100000005001500021035002000036007000300056008004100059020002200100082001200122084001800134100002700152245006700179250000900246260003800255300003200293650002200325990001100347INLIS00000000000018120170913100354 a0010-0917000167ta170913 0 ind  a978-979-3204-27-7 a297.273 a297.273 HAR k0 aHarahap, Sofyan Syafri1 aKerangka Teori & Tujuan Akuntansi Syariah /cSofyan S. Harahap aEd.1 aJakarta :bPustaka Quantum,c2008 a372 hlm :b.ilus ;c20,8 cm aAkutansi Keuangan a13.578